Logische Eliminierung Klick Quiz - Statistiken

Allgemein
  • Dieses Quiz wurde 229 mal gespielt
  • Das Durchschnittsergebnis liegt bei 10 aus 26
Antwortstatistiken
Hint Explanation Antwort % Korrekt
Ich bin das chemische Symbol für Kalium. K K
79%
Ich bin gleich mc². E E
71%
Ich bin im KFZ-Kennzeichen Viersens zu finden V, I, E V
68%
Ich bin der letzte Buchstabe des ersten Landes in alphabetischer Reihenfolge. N N
56%
Ich bin dreimal im Ländernamen Torontos zu finden. A A
55%
Kein Land beginnt mit mir X, W, Q, Y X
55%
Ich bin ein Vokal in Konsonant. O, A O
51%
Ich bin eine Blutgruppe. A, B, O B
49%
Ich bin ein Buchstabe in Jetpunk J, E, T, P, U, N, K J
41%
Ich kann in VENEZUELA gefunden werden V,E,N,Z,U,L,A Z
41%
Ich komme viermal in „Mississippi“ vor. I, S I
40%
Ich bin ein Konsonant in Vokal. V, K, L L
38%
Ich bin ein Konsonant im Namen der französischen Hauptstadt. P, R, S P
38%
Ich bin ein Vokal A, E, I, O, U, Y U
38%
Ich bin der Anfangsbuchstabe einer umstrittenen Region im Süden Marokkos. W W
38%
Hoffentlich wird die Frage nicht FALSCH beantwortet F, A, L, S, C, H, F
35%
Ich bin der Anfangsbuchstabe der Hauptstadt Nicaraguas M M
34%
Ich bin eine Richtung auf einem Kompass. N, S, E, W S
34%
Ich bin der Anfangsbuchstabe der Hauptstadt Naurus Y Y
31%
Es gibt nur eine Hauptstadt, die mit mir beginnt. I, U, Q, Z Q
30%
Ich werde benötigt um das Land Teherans zu schreiben I, R, A, N R
30%
Ich komme zweimal in Guyanas Hauptstadt vor G G
26%
Ich komme in dem ersten Wort dieses Satzes vor I, C, H H
19%
Ich werde benötigt um das erste Wort von San Joses Land zu schreiben C, O, S, T, A C
16%
Ich komme in GERICHT vor. G, E, R, I, C, H, T T
16%
Ich bin der übriggebliebene Buchstabe D D
13%
Keine übereinstimmenden Quizze gefunden
Verteilung der Resultate
Anzahl Personen mit jedem Resultat
Perzentil nach korrekt beantworteten Fragen
Ihre Resultats-Entwicklung
Sie haben dieses Quiz noch nicht gespielt